00421nam a22000977a 4500008004100000010001700041245007200058260002300130500013200153500003800285150623b xxu||||| |||| 00| 0 eng d 8HCCRSARF:006 aHIGH COURT CRIMINAL SESSION NO. 650 of 1970 Uganda Vs Paulo Okumu  aHigh Court Kampala 3(Original Criminal Case No. MK..190/70 of the Chief Magistrate Court of Gulu at Gulu Before- His Worship C.D Patel, Esq.,C.M )  3Before: Hon Mr. Justice S. Musoke